Statistics for Ultimate Doctor Who 2005-2014 Quiz

Click here to take the quiz!

General Stats

  • This quiz has been taken 144 times
  • The average score is 75 of 149

Answer Stats

Hint Answer % Correct
1Rose
97%
Rose Tyler
97%
Amy Pond
92%
Donna Noble
86%
11Matt Smith
83%
Rory Williams
83%
Martha Jones
82%
10David Tennant
81%
6Dalek
81%
12Peter Capaldi
79%
River Song
76%
Clara Oswald
76%
10Blink
74%
12Bad Wolf
73%
2The End of the World
73%
Jack Harkness
72%
1Smith and Jones
72%
13Doomsday
72%
1The Eleventh Hour
72%
1New Earth
72%
0The Christmas Invasion
72%
11Boom Town
72%
11Utopia
71%
9The Empty Child
71%
9Christopher Eccleston
71%
10The Doctor Dances
69%
S5The End of Time Part 2
69%
S4The End of Time Part 1
69%
Mickey Smith
68%
3The Unquiet Dead
68%
2Tooth and Claw
68%
13The Parting of the Ways
68%
8Father's Day
67%
3Gridlock
67%
WarJohn Hurt
67%
5World War Three
65%
0The Runaway Bride
64%
3School Reunion
64%
12Army of Ghosts
63%
12The Sound of Drums
63%
4The Girl in the Fireplace
63%
11Turn Left
62%
7The Long Game
62%
2The Shakespeare Code
62%
6The Age of Steel
60%
4Aliens of London
60%
10Midnight
60%
9The Family of Blood
60%
742
59%
13Journey's End
59%
1Partners in Crime
59%
8The Impossible Planet
59%
2The Beast Below
59%
4Daleks in Manhattan
59%
8Human Nature
58%
8Silence in the Library
58%
12The Pandorica Opens
58%
12The Stolen Earth
56%
11Fear Her
56%
9The Satan Pit
56%
13Last of the Time Lords
56%
5Rise of the Cybermen
56%
3Planet of the Ood
55%
6The Lazarus Experiment
54%
10Love & Monsters
54%
5Flesh and Stone
54%
0Voyage of the Damned
54%
9Forest of the Dead
53%
5The Poison Sky
53%
2The Fires of Pompeii
53%
6The Doctor's Daughter
51%
S3The Waters of Mars
51%
7The Unicorn and the Wasp
50%
7Amy's Choice
49%
Billie Piper
49%
3Victory of the Daleks
49%
7A Good Man Goes to War
49%
13The Big Bang
49%
Adam Mitchell
47%
5Evolution of the Daleks
47%
S1The Next Doctor
47%
S2Planet of the Dead
46%
7The Idiot's Lantern
46%
8Let's Kill Hitler
46%
11The Lodger
45%
6The Vampires of Venice
45%
Catherine Tate
45%
4The Sontaran Stratagem
44%
8The Hungry Earth
44%
0A Christmas Carol
44%
2Day of the Moon
42%
1Asylum of the Daleks
42%
5The Angels Take Manhattan
42%
13The Day of the Doctor
41%
1Deep Breath
41%
1The Impossible Astronaut
41%
Karen Gillan
40%
4The Time of Angels
40%
10Vincent and the Doctor
40%
00The Snowmen
40%
Sarah Jane Smith
38%
3A Town Called Mercy
38%
2Dinosaurs on a Spaceship
38%
11The God Complex
38%
10The Girl Who Waited
38%
John Barrowman
38%
4The Doctor's Wife
37%
4The Power of Three
37%
Arthur Darvill
36%
14The Time of the Doctor
36%
2Into the Dalek
35%
9Cold Blood
35%
9Hide
33%
Alex Kingston
33%
Jenna Coleman
33%
8Cold War
33%
12Closing Time
33%
12The Name of the Doctor
33%
0Last Christmas
32%
11Dark Water
32%
13The Wedding of River Song
32%
6The Bells of Saint John
32%
4Listen
32%
5The Rebel Flesh
32%
Freema Agyeman
32%
6The Almost People
31%
Astrid Peth
31%
7The Rings of Akhaten
29%
0The Doctor, the Widow, and the Wardrobe
29%
9Flatline
29%
3The Curse of the Black Spot
29%
5Time Heist
29%
Danny Pink
29%
Wilfred Mott
28%
3Robot of Sherwood
28%
9Night Terrors
28%
6The Caretaker
27%
12Death in Heaven
27%
10Journey to the Centre of the TARDIS
26%
7Kill the Moon
26%
8Mummy on the Orient Express
24%
11Nightmare in Silver
23%
Noel Clarke
19%
10In the Forest of the Night
19%
Bernard Cribbins
14%
Kylie Minogue
14%
Elisabeth Sladen
13%
Bruno Langley
9%
Samuel Anderson
6%

Score Distribution

Percentile by Number Answered

Percent of People with Each Score

Your Score History

You have not taken this quiz